| 000 | 00987nam a2200301 a 4500 | ||
|---|---|---|---|
| 001 | 000108715 | ||
| 003 | CHAP | ||
| 005 | 20220329144022.0 | ||
| 008 | 140305s2013 it |r| ||||||eng d | ||
| 010 | _a105177 | ||
| 011 | _a106149 | ||
| 020 | _a9789251074954 | ||
| 040 | _cCHAP | ||
| 082 | 0 | 4 |
_a639.2 _bF46y v.1012 |
| 245 | 1 | 0 |
_aReport of the FAO/CRFM/WECAFC Caribbean regional consultation on the development of international guidelines for securing sustainable small-Scale. Kingston, Jamaica, 6-8 December 2012 / _cpor FAO. |
| 260 |
_aRoma : _bFAO, _c2013. |
||
| 300 | _axi, 41 p. | ||
| 490 | 1 |
_aFAO. Informe de pesca y acuicultura _v; 1033 |
|
| 590 |
_aE11695DGD _b10 _c20170308 _lUCH01 _h1046 |
||
| 590 |
_aE5995AHE _b05 _c20140305 _lUCH01 _h1347 |
||
| 650 | 1 | 4 |
_aGobierno. _948401 |
| 650 | 1 | 4 |
_aPobreza. _989463 |
| 650 | 1 | 4 |
_aSeguridad alimentaria. _9103673 |
| 830 | 1 | 0 |
_aFAO. Informe de pesca y acuicultura _v; 1033 _939588 |
| 901 | _aBK | ||
| 942 | _cLIBRO | ||
| 942 | _n0 | ||
| 999 |
_c105177 _d105177 |
||